Solar engineering of thermal processes / John A. Duffie, William A. Beckman. (Record no. 32905)
[ view plain ]
| 000 -LEADER | |
|---|---|
| fixed length control field | 02456cam a2200385 i 4500 |
| 001 - CONTROL NUMBER | |
| control field | 18170632 |
| 003 - CONTROL NUMBER IDENTIFIER | |
| control field | OSt |
| 005 - DATE AND TIME OF LATEST TRANSACTION | |
| control field | 20220315155758.0 |
| 008 - FIXED-LENGTH DATA ELEMENTS--GENERAL INFORMATION | |
| fixed length control field | 140530t20132013xx a b 001 0 eng |
| 010 ## - LIBRARY OF CONGRESS CONTROL NUMBER | |
| LC control number | 2014397905 |
| 020 ## - INTERNATIONAL STANDARD BOOK NUMBER | |
| International Standard Book Number | 0470873663 |
| 020 ## - INTERNATIONAL STANDARD BOOK NUMBER | |
| International Standard Book Number | 9780470873663 |
| 040 ## - CATALOGING SOURCE | |
| Original cataloging agency | DLC |
| Language of cataloging | eng |
| Transcribing agency | HU |
| Description conventions | rda |
| Modifying agency | DLC |
| 042 ## - AUTHENTICATION CODE | |
| Authentication code | pcc |
| 050 00 - LIBRARY OF CONGRESS CALL NUMBER | |
| Classification number | TJ810 |
| Item number | .D82 2013 |
| 082 ## - DEWEY DECIMAL CLASSIFICATION NUMBER | |
| Classification number | 621.47 DUF 2013 |
| 100 1# - MAIN ENTRY--PERSONAL NAME | |
| Personal name | Duffie, John A. |
| 9 (RLIN) | 33106 |
| 245 10 - TITLE STATEMENT | |
| Title | Solar engineering of thermal processes / John A. Duffie, William A. Beckman. |
| 250 ## - EDITION STATEMENT | |
| Edition statement | 4th ed. |
| 264 #1 - PRODUCTION, PUBLICATION, DISTRIBUTION, MANUFACTURE, AND COPYRIGHT NOTICE | |
| Place of production, publication, distribution, manufacture | Hoboken : |
| Name of producer, publisher, distributor, manufacturer | John Wiley, |
| Date of production, publication, distribution, manufacture, or copyright notice | 2013 |
| 300 ## - PHYSICAL DESCRIPTION | |
| Extent | xxvi, 910 pages : |
| Other physical details | illustrations ; |
| Dimensions | 24 cm |
| 336 ## - CONTENT TYPE | |
| Content type term | text |
| Content type code | txt |
| Source | rdacontent |
| 337 ## - MEDIA TYPE | |
| Media type term | unmediated |
| Media type code | n |
| Source | rdamedia |
| 338 ## - CARRIER TYPE | |
| Carrier type term | volume |
| Carrier type code | nc |
| Source | rdacarrier |
| 504 ## - BIBLIOGRAPHY, ETC. NOTE | |
| Bibliography, etc. note | Includes bibliographical references and index. |
| 505 0# - FORMATTED CONTENTS NOTE | |
| Formatted contents note | pt. 1. Fundamentals. Solar radiation -- Available solar radiation -- Selected heat transfer topics -- Radiation characteristics of opaque materials -- Radiation transmission through glazing: absorbed radiation -- Flat-plate collectors -- Concentrating collectors -- Energy storage -- Solar process loads -- System thermal calculations -- Solar process economics -- pt. 2. Applications. Solar water heating: active and passive -- Building heating: active -- Building heating: passive and hybrid methods -- Solar cooling -- Solar industrial process heat -- Solar thread power systems -- Solar ponds: evaporative processes -- pt. 3. Design methods. Simulations in solar process design -- Design of active systems: f-chart -- Design of active systems by utilizability methods -- Design of passive and hybrid heating systems -- Design of photovoltaic systems -- Wind energy -- Appendix A: Problems -- Appendix B: Nomenclature -- Appendix C: International system of units -- Appendix D: Meteorological data -- Appendix E: Average shading factors for overhangs. |
| 650 #0 - SUBJECT ADDED ENTRY--TOPICAL TERM | |
| Topical term or geographic name entry element | Solar energy. |
| 9 (RLIN) | 27284 |
| 700 1# - ADDED ENTRY--PERSONAL NAME | |
| Personal name | Beckman, William A. |
| 9 (RLIN) | 33107 |
| 856 42 - ELECTRONIC LOCATION AND ACCESS | |
| Materials specified | Contributor biographical information |
| Uniform Resource Identifier | <a href="http://www.loc.gov/catdir/enhancements/fy1410/2014397905-b.html">http://www.loc.gov/catdir/enhancements/fy1410/2014397905-b.html</a> |
| 856 41 - ELECTRONIC LOCATION AND ACCESS | |
| Materials specified | Table of contents only |
| Uniform Resource Identifier | <a href="http://www.loc.gov/catdir/enhancements/fy1410/2014397905-t.html">http://www.loc.gov/catdir/enhancements/fy1410/2014397905-t.html</a> |
| 856 42 - ELECTRONIC LOCATION AND ACCESS | |
| Materials specified | Publisher description |
| Uniform Resource Identifier | <a href="http://www.loc.gov/catdir/enhancements/fy1410/2014397905-d.html">http://www.loc.gov/catdir/enhancements/fy1410/2014397905-d.html</a> |
| 906 ## - LOCAL DATA ELEMENT F, LDF (RLIN) | |
| a | 7 |
| b | cbc |
| c | origres |
| d | 2 |
| e | ncip |
| f | 20 |
| g | y-gencatlg |
| 942 ## - ADDED ENTRY ELEMENTS (KOHA) | |
| Source of classification or shelving scheme | Dewey Decimal Classification |
| Koha item type | Books like text book referance book |
| Suppress in OPAC | No |
| Withdrawn status | Lost status | Source of classification or shelving scheme | Damaged status | Not for loan | Collection code | Home library | Current library | Shelving location | Date acquired | Total Checkouts | Full call number | Barcode | Date last seen | Copy number | Price effective from | Koha item type |
|---|---|---|---|---|---|---|---|---|---|---|---|---|---|---|---|---|
| Dewey Decimal Classification | Reference | Wondo Genet Library | Wondo Genet Library | General Stacks | 03/15/2022 | 621.47 DUF 2013 | WGCFNRL00013534 | 03/15/2022 | 1 | 03/15/2022 | Books like text book referance book | |||||
| Dewey Decimal Classification | Reference | Wondo Genet Library | Wondo Genet Library | General Stacks | 03/15/2022 | 621.47 DUF 2013 | WGCFNRL00013535 | 03/15/2022 | 2 | 03/15/2022 | Books like text book referance book |